01138nam a2200289Ia 4500003000900000008004100009020001800050040001600068080002200084111010200106245017800208260005800386300001500444490003400459650002200493650001900515650002300534650001900557650002200576700003100598700003000629700002500659700002900684942000700713999001700720952011100737IN-BaIIA211028s9999 xx 000 0 eng d a1-58381-089-7 cIIA Library a082.2:52bASP-249 aConference on the Central Kiloparsec of Starbursts and AGNcLa Palma, Spaind2000 May 7-11926062 4aThe Central kiloparsec of starbursts and AGNbthe La Palma connection; proceedings of a conference held in La Palma, Spain, May 7-11, 2001cedited by J. H. Knapen…[et al.] aCaliforniabAstronomical Society of the Pacificc2001 axxv, 746p. aASP conference series; v. 249 aBlack holes97728 aGalaxies91286 aSpectroscopy91535 aStar formation aStarbursts924658 aBeckman, J. E., ed.912633 aKnapen, J. H., ed.926063 aMahoney, T. J., ed. aShlosman, I., ed.921982 cBK c14627d14627 00104070aBANbBANcGENd2002-05-08l1o082.2:52/ ASP-249p15549r2023-12-29s2023-10-28w2002-05-08yBK